| Поле | Название | Значение |
| |
Тип записи |
a |
| |
Библиографический уровень |
m |
| 001 |
Контрольный номер |
RSL-KNO-004632925 |
| 005 |
Дата корректировки |
20201206204746.0 |
| 010 |
Индекс ISBN |
__ |
| a |
ISBN |
978-5-16-004246-6 |
| d |
Цена |
189-01 |
| 021 |
№ государственной регистрации |
__ |
| b |
№ документа |
10-29212 |
| 100 |
Данные общей обработки |
__ |
| a |
Данные общей обработки |
19100421d2010 |||y0rusy0189 ca |
| 101 |
Язык документа |
__ |
| a |
Язык текста |
rus |
| 102 |
Страна публикации |
__ |
| a |
Страна публикации |
RU |
| 105 |
Кодированные данные (монография) |
__ |
| a |
Кодированные данные (монография) |
y zzzz000zy |
| 200 |
Заглавие и сведения об ответственности |
__ |
| a |
Заглавие |
Больничный в 2010 году |
| e |
Сведения, относящиеся к заглавию |
новый порядок оплаты |
| f |
Первые сведения об ответственности |
И. В. Журавлева |
| b |
Общее обозначение материала |
Текст |
| 210 |
Выходные данные |
__ |
| a |
Место издания |
М. |
| c |
Издательство |
ИНФРА-М |
| d |
Дата издания |
2010 |
| 215 |
Физическое описание |
__ |
| a |
Объем |
164, [1] с. |
| c |
Иллюстрации/тип воспроизводства |
табл. |
| 225 |
Серия |
__ |
| a |
Серия |
Библиотека журнала "Трудовое право Российской Федерации" |
| 330 |
Аннотация |
__ |
| a |
Аннотация |
Новые правила подсчета страхового стажа, действующие с 01.01.2010, а также порядок назначения и выплаты пособий по нетрудоспособности и по беременности и родам, правила расчета пособий, проверки обоснованности выдачи листков нетрудоспособности и правильности их оформления медиками, рекомендации по заполнению оборотной стороны листка нетрудоспособности изложены известным автором, специалистом по кадровому учету. Для работников кадровых и бухгалтерских служб организаций всех форм собственности, а также индивидуальных предпринимателей, имеющих наемных работников. |
| 606 |
Тематические рубрики |
__ |
| a |
Основная рубрика |
Право |
| z |
Хронологическая подрубрика |
21 в. |
| y |
Географическая подрубрика |
Россия |
| 606 |
Тематические рубрики |
__ |
| a |
Основная рубрика |
Трудовое право |
| 610 |
Ключевые слова |
__ |
| a |
Ключевые слова |
оплата больничных; больничные листы; расчет больничных; выдача больничных |
| 686 |
Индексы других классификаций |
__ |
| a |
Классификационный индекс |
67.405.114(2Рос) |
| 700 |
Автор |
_1 |
| a |
Фамилия |
Журавлева |
| b |
Имя |
И. В. |
| c |
Титул (звания) |
юрист |
| g |
Полное личное имя |
Ирина Витальевна |
| 4 |
Код отношения |
070 |
| 801 |
Источник записи |
_0 |
| a |
Страна |
RU |
| b |
Организация |
Муниципальное бюджетное учреждение культуры "Централизованная библиотечная система" г. Сургут (Центральная городская библиотека им. А. С. Пушкина) |
| c |
Дата составления |
20100421 |
| g |
Правила каталогизации |
КиК/Елгина |
| 801 |
Источник записи |
_1 |
| a |
Страна |
RU |
| b |
Организация |
Муниципальное бюджетное учреждение культуры "Централизованная библиотечная система" г. Сургут (Центральная городская библиотека им. А. С. Пушкина) |
| c |
Дата составления |
20100421 |
| g |
Правила каталогизации |
КиК/Елгина |
| 852 |
Данные о местонахождении |
__ |
| j |
Шифр хранения |
67.405.114(2Рос) |
| i |
Авторский знак |
Ж 91 |
| 901 |
Тип документа |
__ |
| t |
Тип документа |
m |
| 903 |
Характеристики (МАРС) |
__ |
| a |
Дата передачи |
20101112 |
| 990 |
Данные о заказе (DOS) |
__ |
| j |
Количество экземпляров (DOS) |
1 |
| h |
N записи в КСУ для Б/У (DOS) |
201011 |